Statistiques concernant Suites logiques

Cliquez ici pour prendre le quiz!

Statistiques générales

  • Ce quiz a été pris 16 fois
  • Le résultat moyen est 4 sur 11

Statistiques - réponses

sérieSuite% Correct
1 - 11 - 21 - 1211 - 111221 - 31221113112221
73%
1 - 1 - 2 - 3 - 5 - 8 - 13 - 2134 - 55 - 89
60%
1 - 2 - 3 - 5 - 7 - 11 - 13 - 17 - 1923 - 29 - 31
53%
1 - 3 - 6 - 10 - 15 - 21 - 28 - 36 - 4555 - 66 - 78
53%
0 - 3 - 8 - 15 - 24 - 35 - 48 - 63 - 8099 - 120 - 143
47%
1296 - 432 - 216 - 72 - 3612 - 6 - 2
40%
1 - 2 - 3 - 22 - 5 - 23 - 7 - 222 - 3325 - 11 - 223
20%
2 - 4 - 5 - 6 - 4 - 3 - 4 - 4 - 4 - 3 - 45 - 6 - 8
20%
2 - 3 - 4 - 6 - 6 - 9 - 8 - 1210 - 15 - 12
7%
11 - 21 - 31 - 1115 - 15 - 15111521 - 1531
7%
135 - 128,57 - 120 -10890 - 60
0%

Distribution des résultats

Percentile par nombre de réponses

% des personnes avec chaque résultat

Votre développement - résultats

Vous n’avez pas pris ce quiz